| Tag |
First Indicator |
Second Indicator |
Subfields |
| LEADER |
00000pam a2200000 a 4500 |
| 001 |
in00000085484 |
| 005 |
20151008061514.0 |
| 008 |
810323s1981 nyuab b 00110 eng |
| 010 |
|
|
|a 81002728
|
| 020 |
|
|
|a 0125006608
|
| 035 |
|
|
|a (OCoLC)07328124
|
| 035 |
|
|
|9 AAJ8206AM
|
| 039 |
0 |
|
|a 2
|b 3
|c 3
|d 3
|e 3
|
| 040 |
|
|
|a DLC
|c DLC
|d TXA
|d UtOrBLW
|
| 043 |
|
|
|a f-mz---
|a f-tz---
|
| 049 |
|
|
|a TXAM
|c [1196810]
|
| 050 |
0 |
0 |
|a HX449.A6
|b M58
|
| 082 |
0 |
|
|a 335/.009678
|2 19
|
| 100 |
1 |
|
|a Mittelman, James H.
|
| 245 |
1 |
0 |
|a Underdevelopment and the transition to socialism :
|b Mozambique and Tanzania /
|c James H. Mittelman.
|
| 264 |
|
1 |
|a New York :
|b Academic Press,
|c [1981]
|
| 264 |
|
4 |
|c ©1981
|
| 300 |
|
|
|a xxi, 277 pages :
|b illustrations, maps ;
|c 24 cm.
|
| 336 |
|
|
|a text
|b txt
|2 rdacontent
|
| 337 |
|
|
|a unmediated
|b n
|2 rdamedia
|
| 338 |
|
|
|a volume
|b nc
|2 rdacarrier
|
| 490 |
1 |
|
|a Studies in social discontinuity
|
| 500 |
|
|
|a Includes index.
|
| 504 |
|
|
|a Bibliography: pages 257-267.
|
| 650 |
|
0 |
|a Socialism
|z Mozambique.
|
| 650 |
|
0 |
|a Socialism
|z Tanzania.
|
| 651 |
|
0 |
|a Developing countries
|x Socialism.
|
| 650 |
|
0 |
|a Banks and banking
|z Tanzania.
|
| 651 |
|
0 |
|a Mozambique
|x Politics and government.
|
| 651 |
|
0 |
|a Tanzania
|x Economic policy.
|
| 830 |
|
0 |
|a Studies in social discontinuity.
|
| 999 |
|
|
|a MARS
|
| 999 |
f |
f |
|s 55df4069-0841-3da0-9869-617b78af8ec7
|i 5204a2dc-c526-3b00-a6fe-a3b157d9fa10
|t 0
|
| 952 |
f |
f |
|p ric
|a Texas A&M University
|b Rellis Campus
|c Joint Library Facility
|d Remote Storage
|t 0
|e HX449.A6 M58
|h Library of Congress classification
|i unmediated -- volume
|m A14806148340
|
| 998 |
f |
f |
|a HX449.A6 M58
|t 0
|l Remote Storage
|